Riconosci il Pokémon - Quiz n°818 - Statistics

Statistiche generali
  • Questo quiz è stato fatto 0 volte
  • Il punteggio medio è 0 su 10
Statistiche sulle risposte
Indizio Riposta % Corretto
Tasso di cattura 25 (7.7%)
0%
Peso 400,0 kg; 740,0 kg (Megaevoluzione)
0%
Sesso 50% ♂, 50% ♀
0%
Altezza 9,2 m; 10,5 (Megaevoluzione)
0%
Tipo Acciaio / Terra
0%
Tasso di allevamento Medio-Veloce
0%
Stadio evoluzione Prima evoluzione
0%
Generazione Seconda
0%
Pokémon Steelix
0%
Abilità Testadura; Vigore; Forzabruta; Silicoforza (Megaevoluzione)
0%
Nessun quiz corrispondente trovato
Distribuzione punteggi
Percentuale di utenti per punteggio
Percentile per numero di risposta
I tuoi punteggi nel tempo
Non hai fatto questo quiz